[Event "Wuerttemberg-chT Rapid"]
[Site "Boeblingen"]
[Date "2024.04.13"]
[Round "7.15"]
[White "Schuh, Karsten"]
[Black "Schnepp, Gunnar"]
[Result "1/2-1/2"]
[WhiteElo "2133"]
[BlackElo "2233"]
[PlyCount "106"]
[EventDate "2024.04.13"]
[EventType "team-tourn"]
[EventRounds "9"]
[EventCountry "GER"]
[SourceTitle "CB17_2024"]
[SourceDate "2024.04.24"]
[SourceVersion "1"]
[SourceVersionDate "2024.04.24"]
[SourceQuality "1"]

1. Nf3 Nf6 2. g3 d5 3. c4 d4 4. b4 c5 5. Bb2 g6 6. Bg2 Bg7 7. 0-0 0-0 8. d3 Nfd7 9. Nbd2 Nc6 10. bxc5 Nxc5 11. Rb1 Re8 12. Ba3 Qa5 13. Bxc5 Qxc5 14. Rb5 Qa3 15. Qb1 Rb8 16. Ne1 Nd8 17. Nc2 Qa6 18. Nb3 Ne6 19. Ra5 Qb6 20. c5 Qc7 21. Rxa7 Nxc5 22. Nbxd4 Na6 23. Rc1 Qc5 24. Rxa6 bxa6 25. Qxb8 Bxd4 26. e3 Bf6 27. Qb4 Qc7 28. Qa3 Qb6 29. Nb4 Be6 30. Rc6 Qb5 31. Rxa6 Rb8 32. Ra8 Kg7 33. Rxb8 Qxb8 34. d4 Bc4 35. Qc3 Bb5 36. Bf1 Bd7 37. Bc4 e6 38. Bb3 Qb7 39. a4 h5 40. a5 h4 41. gxh4 Qe4 42. Bd1 e5 43. Qd3 Qxh4 44. dxe5 Qg5+ 45. Kf1 Bh3+ 46. Ke2 Qxe5 47. Nd5 Bg4+ 48. Kd2 Qxh2 49. Nxf6 Qxf2+ 50. Be2 Bxe2 51. Ne8+ Kf8 52. Qxe2 Qxe2+ 53. Kxe2 Kxe8 1/2-1/2

[Event "Wuerttemberg-chT Rapid"]
[Site "Boeblingen"]
[Date "2024.04.13"]
[Round "8.7"]
[White "Schuh, Karsten"]
[Black "Wunder, Niklas"]
[Result "1/2-1/2"]
[WhiteElo "2133"]
[BlackElo "2071"]
[PlyCount "100"]
[EventDate "2024.04.13"]
[EventType "team-tourn"]
[EventRounds "9"]
[EventCountry "GER"]
[SourceTitle "CB17_2024"]
[SourceDate "2024.04.24"]
[SourceVersion "1"]
[SourceVersionDate "2024.04.24"]
[SourceQuality "1"]

1. c4 c5 2. g3 Nf6 3. Bg2 d5 4. cxd5 Nxd5 5. Nc3 Nc7 6. Nf3 Nc6 7. 0-0 e5 8. d3 Be7 9. Nd2 Bd7 10. Nc4 b5 11. Ne3 0-0 12. f4 exf4 13. gxf4 Rb8 14. Ncd5 Nxd5 15. Nxd5 Bd6 16. e4 Re8 17. Be3 Ne7 18. Nc3 Ng6 19. Qh5 Qh4 20. Qxh4 Nxh4 21. Bh1 a5 22. Nd5 Bg4 23. Kf2 f5 24. e5 Bf8 25. Rac1 Rec8 26. d4 cxd4 27. Bxd4 Ng6 28. Be3 Bh5 29. Rfe1 Ne7 30. Ba7 Rxc1 31. Rxc1 Rd8 32. Nxe7+ Bxe7 33. Rc7 Bh4+ 34. Ke3 Be1 35. Rc2 Bd1 36. Bb6 Bxc2 37. Bxd8 Kf8 38. Bc6 Bb1 39. e6 Bb4 40. a3 Bc5+ 41. Kf3 b4 42. axb4 axb4 43. Ke2 Ba2 44. Bd7 Bc4+ 45. Kf3 Bd5+ 46. Kg3 Be7 47. Ba5 Bd6 48. Bd8 Be7 49. Ba5 Bd6 50. Bd8 Be7 1/2-1/2

[Event "Titled Tuesday intern op 02nd Apr Early"]
[Site "Chess.com INT"]
[Date "2024.04.02"]
[Round "7"]
[White "Feliz Dotel, Dewar Bienvenido"]
[Black "Schuh, Karsten"]
[Result "1-0"]
[WhiteElo "2032"]
[BlackElo "2133"]
[PlyCount "91"]
[EventDate "2024.04.02"]
[EventType "swiss (blitz)"]
[EventRounds "11"]
[EventCountry "USA"]
[SourceTitle "CB15_2024"]
[SourceDate "2024.04.10"]
[SourceVersion "1"]
[SourceVersionDate "2024.04.10"]
[SourceQuality "1"]

1. c4 f5 2. e4 fxe4 3. d3 Nf6 4. dxe4 e5 5. Nc3 Bb4 6. Bd2 0-0 7. Bd3 d6 8. Nge2 Nc6 9. a3 Bxc3 10. Bxc3 Be6 11. 0-0 Qd7 12. b4 Ne7 13. c5 Ng6 14. cxd6 Qxd6 15. Bc2 Qc6 16. Bb3 Rad8 17. Bxe6+ Qxe6 18. Qc2 c6 19. Rad1 Rxd1 20. Rxd1 Ng4 21. Be1 Qf6 22. Ng3 Kh8 23. h3 Nh6 24. Rd7 Rd8 25. Qd1 Rf8 26. Rxb7 Nf4 27. Rxa7 Nf7 28. Qd7 h6 29. Qe7 Qxe7 30. Rxe7 Ng5 31. a4 Rd8 32. Bc3 Rd1+ 33. Kh2 Kg8 34. Bxe5 Nd3 35. Rxg7+ Kf8 36. Rd7 Nxf2 37. Rxd1 Nxd1 38. b5 cxb5 39. axb5 Nf7 40. Bf4 Nc3 41. b6 Nd8 42. Bxh6+ Kf7 43. e5 Ke6 44. Be3 Nb7 45. Bd4 Nb5 46. Bb2 1-0

[Event "Titled Tuesday intern op 02nd Apr Early"]
[Site "Chess.com INT"]
[Date "2024.04.02"]
[Round "11"]
[White "Schuh, Karsten"]
[Black "Hon, Eric"]
[Result "0-1"]
[WhiteElo "2133"]
[BlackElo "1938"]
[PlyCount "122"]
[EventDate "2024.04.02"]
[EventType "swiss (blitz)"]
[EventRounds "11"]
[EventCountry "USA"]
[SourceTitle "CB15_2024"]
[SourceDate "2024.04.10"]
[SourceVersion "1"]
[SourceVersionDate "2024.04.10"]
[SourceQuality "1"]

1. Nf3 Nf6 2. c4 g6 3. b4 Bg7 4. Bb2 0-0 5. g3 a5 6. a3 axb4 7. axb4 Rxa1 8. Bxa1 d5 9. cxd5 Nxd5 10. Bxg7 Kxg7 11. Qb3 b6 12. Bg2 Bb7 13. 0-0 Nc6 14. b5 Na5 15. Qb2+ f6 16. d3 e5 17. Nbd2 Qd7 18. h4 h5 19. Rc1 Rc8 20. e4 Ne7 21. d4 exd4 22. Qxd4 Qxd4 23. Nxd4 c5 24. bxc6 Nexc6 25. Nb5 Rd8 26. Nc4 Nxc4 27. Rxc4 Rd7 28. Nc3 Rd4 29. Rxd4 Nxd4 30. f4 b5 31. Na2 Nc2 32. Kf2 b4 33. Nc1 Nd4 34. Ke3 b3 35. Nd3 Nf5+ 36. exf5 Bxg2 37. fxg6 Kxg6 38. Kd2 Kf5 39. Kc3 Kg4 40. Kxb3 Kxg3 41. f5 Kxh4 42. Kc4 Be4 43. Nf4 Bxf5 44. Nd5 Kg5 45. Kd4 h4 46. Ke3 Be6 47. Nc3 Kg6 48. Kf4 h3 49. Kg3 Kg5 50. Ne2 Bg4 51. Nf4 f5 52. Nd5 Kg6 53. Nf4+ Kf6 54. Nxh3 Bxh3 55. Kxh3 Ke5 56. Kg2 Ke4 57. Kg1 Kf3 58. Kf1 f4 59. Kg1 Ke2 60. Kg2 f3+ 61. Kg3 f2 0-1

[Event "Titled Tuesday intern op 06th Jun Early"]
[Site "Chess.com INT"]
[Date "2023.06.06"]
[Round "11"]
[White "Papayan, Oleg"]
[Black "Schuh, Karsten"]
[Result "1-0"]
[WhiteElo "2253"]
[BlackElo "2134"]
[PlyCount "73"]
[EventDate "2023.06.06"]
[EventType "swiss (blitz)"]
[EventRounds "11"]
[EventCountry "USA"]
[SourceTitle "EXT 2024"]
[Source "ChessBase"]
[SourceDate "2023.10.10"]
[SourceVersion "1"]
[SourceVersionDate "2023.10.10"]
[SourceQuality "1"]

1. e4 c5 2. d4 cxd4 3. Qxd4 Nc6 4. Qd3 Nf6 5. Nc3 d6 6. Nf3 a6 7. Be2 e6 8. Bf4 Be7 9. 0-0-0 0-0 10. Bxd6 Bxd6 11. Qxd6 Qb6 12. Rhf1 Rd8 13. Qa3 Bd7 14. Qb3 Qc7 15. Kb1 b5 16. Bd3 Rab8 17. Ne2 a5 18. Ned4 Nxd4 19. Nxd4 b4 20. Qc4 Qxh2 21. g3 Qg2 22. Nc6 Bxc6 23. Qxc6 Rdc8 24. Qa6 Nxe4 25. Qxa5 Nc5 26. Qa7 Qc6 27. Qe7 Nxd3 28. cxd3 b3 29. a3 Qa6 30. Qd6 Rd8 31. Qc7 Rbc8 32. Qf4 Rxd3 33. Qe4 Rcd8 34. Rxd3 Qxd3+ 35. Qxd3 Rd4 36. Rc1 Rxd3 37. Rc8+ 1-0

[Event "Titled Tuesday intern op 06th Jun Early"]
[Site "Chess.com INT"]
[Date "2023.06.06"]
[Round "10"]
[White "Schuh, Karsten"]
[Black "Amitpal, Singh"]
[Result "1-0"]
[WhiteElo "2134"]
[BlackElo "2144"]
[PlyCount "135"]
[EventDate "2023.06.06"]
[EventType "swiss (blitz)"]
[EventRounds "11"]
[EventCountry "USA"]
[SourceTitle "EXT 2024"]
[Source "ChessBase"]
[SourceDate "2023.10.10"]
[SourceVersion "1"]
[SourceVersionDate "2023.10.10"]
[SourceQuality "1"]

1. Nf3 c5 2. c4 Nc6 3. g3 g6 4. Bg2 Bg7 5. 0-0 e6 6. Nc3 Nge7 7. d4 cxd4 8. Nb5 0-0 9. Nfxd4 d5 10. cxd5 exd5 11. Nxc6 bxc6 12. Nd4 c5 13. Nb3 Qb6 14. Bg5 f6 15. Be3 d4 16. Bxa8 dxe3 17. f4 Rd8 18. Qc1 c4 19. Qxc4+ Be6 20. Qe4 f5 21. Qg2 Qb8 22. Bf3 Bxb2 23. Rab1 Bf6 24. Nc5 Qd6 25. Nb7 Qb8 26. Nxd8 Qxd8 27. Rfd1 Qa5 28. Rd6 Qxa2 29. Rbd1 Kf7 30. h4 h5 31. Qf1 Qa3 32. Kh2 a5 33. R1d3 Qc5 34. Qd1 Bc4 35. Rxf6+ Kxf6 36. Qa1+ Kf7 37. Rc3 Qb4 38. Qc1 Be6 39. Rxe3 a4 40. Qc6 Qc4 41. Qxc4 Bxc4 42. Rc3 Bb3 43. Bc6 Ke6 44. Be8 Kd6 45. Kg2 Bd5+ 46. Kf2 Nc6 47. Bxc6 Bxc6 48. Ke3 Bd5 49. Kd4 Bb3 50. e4 fxe4 51. Kxe4 Ke6 52. Rc6+ Kf7 53. Ra6 Kg7 54. Ke5 Kh6 55. f5 Bc2 56. f6 Kh7 57. Ra7+ Kg8 58. Ke6 Bb3+ 59. Ke7 Kh7 60. f7 g5 61. hxg5 Bxf7 62. Kxf7 h4 63. g6+ Kh6 64. gxh4 a3 65. Ra4 a2 66. Rxa2 Kh5 67. g7 Kh6 68. g8Q 1-0

[Event "Titled Tuesday intern op 06th Jun Early"]
[Site "Chess.com INT"]
[Date "2023.06.06"]
[Round "2"]
[White "Schuh, Karsten"]
[Black "Barlakov, Arsalan"]
[Result "0-1"]
[WhiteElo "2134"]
[BlackElo "2313"]
[PlyCount "98"]
[EventDate "2023.06.06"]
[EventType "swiss (blitz)"]
[EventRounds "11"]
[EventCountry "USA"]
[SourceTitle "EXT 2024"]
[Source "ChessBase"]
[SourceDate "2023.10.10"]
[SourceVersion "1"]
[SourceVersionDate "2023.10.10"]
[SourceQuality "1"]

1. Nf3 c5 2. c4 Nc6 3. g3 g6 4. Bg2 Bg7 5. 0-0 Nf6 6. Nc3 0-0 7. d3 d6 8. Bf4 Bd7 9. Qd2 Re8 10. Bh6 Bh8 11. Rab1 Rb8 12. a3 a6 13. b4 cxb4 14. axb4 b5 15. cxb5 axb5 16. Rfc1 Ng4 17. Bg5 Nd4 18. Nxd4 Bxd4 19. e3 Bg7 20. e4 h6 21. Bf4 g5 22. Be3 Nxe3 23. Qxe3 e6 24. d4 Qb6 25. Ne2 Rec8 26. Qd3 Rc4 27. Rxc4 bxc4 28. Qxc4 Bb5 29. Qc2 Bxe2 30. Qxe2 Bxd4 31. b5 Rc8 32. e5 Bxe5 33. Bf1 Kg7 34. Rd1 Rc3 35. Qa2 Qc5 36. Qe2 Rb3 37. Qd2 Rb2 38. Qe3 Qxe3 39. fxe3 d5 40. Rc1 f5 41. Rc6 Kf6 42. b6 g4 43. Ba6 h5 44. Bc8 Kg5 45. Bxe6 d4 46. exd4 Bxd4+ 47. Kh1 Bxb6 48. Bf7 Rb1+ 49. Kg2 Rg1# 0-1

[Event "Titled Tuesday intern op 30th May Early"]
[Site "Chess.com INT"]
[Date "2023.05.30"]
[Round "10"]
[White "Baches Garcia, Guillermo"]
[Black "Schuh, Karsten"]
[Result "1-0"]
[WhiteElo "2327"]
[BlackElo "2133"]
[PlyCount "67"]
[EventDate "2023.05.30"]
[EventType "swiss (blitz)"]
[EventRounds "11"]
[EventCountry "USA"]
[SourceTitle "CBM 214 Extra"]
[Source "ChessBase"]
[SourceDate "2023.07.31"]
[SourceVersion "1"]
[SourceVersionDate "2023.07.31"]
[SourceQuality "1"]

1. e4 c5 2. Nf3 Nc6 3. d4 cxd4 4. Nxd4 Qc7 5. Nc3 e6 6. Be3 a6 7. g4 Bb4 8. Nxc6 bxc6 9. Qd4 Bf8 10. g5 e5 11. Qd2 Rb8 12. 0-0-0 Bb4 13. a3 Be7 14. Bc4 d6 15. f4 Qa5 16. fxe5 dxe5 17. Rhf1 f6 18. Bb3 Bg4 19. Rde1 h6 20. Qg2 h5 21. h3 Bxa3 22. Bd2 Rxb3 23. cxb3 Bb4 24. hxg4 hxg4 25. Qxg4 Ne7 26. gxf6 gxf6 27. Rxf6 Qa1+ 28. Kc2 Qa5 29. Qe6 Bxc3 30. Bxc3 Rh2+ 31. Kb1 Qb5 32. Ref1 Qd3+ 33. Ka2 Qxc3 34. Rf8# 1-0

[Event "Titled Tuesday intern op 30th May Early"]
[Site "Chess.com INT"]
[Date "2023.05.30"]
[Round "1"]
[White "Schuh, Karsten"]
[Black "Martin Fuentes, Alberto"]
[Result "1/2-1/2"]
[WhiteElo "2133"]
[BlackElo "2388"]
[PlyCount "138"]
[EventDate "2023.05.30"]
[EventType "swiss (blitz)"]
[EventRounds "11"]
[EventCountry "USA"]
[SourceTitle "CBM 214 Extra"]
[Source "ChessBase"]
[SourceDate "2023.07.31"]
[SourceVersion "1"]
[SourceVersionDate "2023.07.31"]
[SourceQuality "1"]

1. Nf3 Nf6 2. c4 c5 3. g3 Nc6 4. Bg2 d6 5. 0-0 g6 6. Nc3 Bg7 7. a3 0-0 8. Rb1 Rb8 9. b4 b6 10. d3 Bb7 11. Bg5 Qd7 12. Qd2 Rfd8 13. Bh6 Bh8 14. Rfd1 cxb4 15. axb4 d5 16. b5 Na5 17. Bf4 Rbc8 18. Nxd5 Nxd5 19. cxd5 Bxd5 20. h4 h5 21. Ng5 Bxg2 22. Kxg2 Qd5+ 23. Kg1 Nb3 24. Qa2 Nd4 25. Qxd5 Rxd5 26. Kf1 Nxb5 27. e4 Rdc5 28. Be3 Nc3 29. Bxc5 Rxc5 30. d4 Ra5 31. e5 Nxb1 32. Rxb1 f6 33. exf6 Bxf6 34. Nf3 Ra3 35. Kg2 Kf7 36. Rc1 b5 37. Rc7 Ke6 38. Rb7 a6 39. Rb6+ Kd5 40. Ne5 Kxd4 41. Nxg6 Kc5 42. Rb7 b4 43. Nf4 b3 44. Nxh5 Bc3 45. Nf4 a5 46. h5 a4 47. h6 b2 48. Nd3+ Kc6 49. Rxb2 Bxb2 50. Nxb2 Rb3 51. h7 Rb8 52. Nd3 a3 53. Nc1 Rh8 54. Kf3 Rxh7 55. Ke4 Rh1 56. Na2 Ra1 57. Nb4+ Kb5 58. Nc2 Ra2 59. Kd3 Rb2 60. Kc3 Rxc2+ 61. Kxc2 Kc4 62. f4 Kd4 63. g4 Ke4 64. g5 Kf5 65. Kb3 e5 66. fxe5 Kxg5 67. e6 Kf6 68. Kxa3 Ke7 69. Kb4 Kxe6 1/2-1/2

[Event "Titled Tuesday intern op 11th Apr Early"]
[Site "Chess.com INT"]
[Date "2023.04.11"]
[Round "2"]
[White "Schuh, Karsten"]
[Black "Iskusnyh, Sergei"]
[Result "0-1"]
[WhiteElo "2145"]
[BlackElo "2440"]
[PlyCount "148"]
[EventDate "2023.04.11"]
[EventType "swiss (blitz)"]
[EventRounds "11"]
[EventCountry "USA"]
[SourceTitle "CBM 213 Extra"]
[Source "ChessBase"]
[SourceDate "2023.05.31"]
[SourceVersion "1"]
[SourceVersionDate "2023.05.31"]
[SourceQuality "1"]

1. Nf3 d5 2. c4 c6 3. b3 Nf6 4. Bb2 Bf5 5. g3 e6 6. Bg2 Be7 7. 0-0 0-0 8. d3 h6 9. Nbd2 a5 10. a3 Nbd7 11. Ra2 Re8 12. Qa1 Bf8 13. Bc3 b5 14. Nd4 Qb6 15. cxd5 Nxd5 16. Nxf5 exf5 17. Bxd5 cxd5 18. Nf3 f4 19. Bd4 Qg6 20. Rc2 fxg3 21. hxg3 Ra6 22. Kg2 Rae6 23. Re1 b4 24. a4 Nf6 25. Bxf6 Rxf6 26. Qd1 Qg4 27. Nh2 Qf5 28. Nf3 g5 29. e3 Qd7 30. Rh1 Bg7 31. Nd4 Rg6 32. Nf3 Bc3 33. d4 Qf5 34. Ne5 Rge6 35. Rc1 Kg7 36. Qh5 R8e7 37. Qf3 Qxf3+ 38. Kxf3 Re8 39. Nd3 f6 40. Rh2 Kg6 41. Rch1 Rh8 42. Nc5 Re7 43. g4 Rf7 44. Ke2 Rfh7 45. Nd3 Rf7 46. Nc5 Re7 47. Kd3 Ree8 48. Ke2 Re7 49. Nd3 Bxd4 50. Kd2 Bc3+ 51. Ke2 Rc7 52. f4 Re7 53. f5+ Kg7 54. Kf3 Rhe8 55. Re2 Bd4 56. Rhe1 Bc3 57. Rf1 Re4 58. Nc5 R4e7 59. Ne6+ Rxe6 60. fxe6 Rxe6 61. Rd1 Re5 62. Rd3 f5 63. gxf5 Rxf5+ 64. Kg4 Kg6 65. e4 Rf4+ 66. Kg3 dxe4 67. Rd6+ Kf5 68. Rxh6 Rf3+ 69. Kg2 Be5 70. Rh7 Rxb3 71. Rf7+ Kg4 72. Rxe4+ Bf4 73. Ra7 Rb2+ 74. Kh1 Kf3 0-1

[Event "Titled Tuesday intern op 11th Apr Early"]
[Site "Chess.com INT"]
[Date "2023.04.11"]
[Round "6"]
[White "Schuh, Karsten"]
[Black "Santos Flores, Alberto Javier"]
[Result "0-1"]
[WhiteElo "2145"]
[BlackElo "2164"]
[PlyCount "90"]
[EventDate "2023.04.11"]
[EventType "swiss (blitz)"]
[EventRounds "11"]
[EventCountry "USA"]
[SourceTitle "CBM 213 Extra"]
[Source "ChessBase"]
[SourceDate "2023.05.31"]
[SourceVersion "1"]
[SourceVersionDate "2023.05.31"]
[SourceQuality "1"]

1. Nf3 c5 2. c4 g6 3. g3 Bg7 4. Bg2 Nc6 5. 0-0 e6 6. Nc3 Nge7 7. d3 0-0 8. Bg5 h6 9. Bd2 b6 10. a3 Bb7 11. Rb1 d5 12. cxd5 Nxd5 13. Nxd5 Qxd5 14. b4 cxb4 15. axb4 Rac8 16. b5 Nd4 17. Be3 Nxf3+ 18. Bxf3 Qd7 19. Bxb7 Qxb7 20. Qd2 Kh7 21. Rfc1 Rxc1+ 22. Rxc1 Rc8 23. Rxc8 Qxc8 24. Qa2 Qd7 25. Qc4 f5 26. Qc6 Qf7 27. h4 e5 28. Bd2 h5 29. Bc3 f4 30. Kg2 fxg3 31. fxg3 Qb3 32. Kf3 Qd1 33. Kf2 Qb3 34. Kf3 Qxc3 35. Qxc3 e4+ 36. Kxe4 Bxc3 37. Kd5 Be1 38. e4 Kg7 39. Ke6 Kf8 40. d4 Bxg3 41. d5 Bxh4 42. e5 Ke8 43. d6 Bd8 44. Kd5 h4 45. e6 h3 0-1

[Event "Oberliga Wuerttemberg 1920"]
[Site "Wuerttemberg"]
[Date "2019.12.01"]
[Round "4.5"]
[White "Schuh, Karsten"]
[Black "Romer, Ulrich"]
[Result "0-1"]
[WhiteElo "2181"]
[BlackElo "2167"]
[PlyCount "80"]
[EventDate "2019.09.15"]
[EventType "team-tourn"]
[EventRounds "9"]
[EventCountry "GER"]
[SourceTitle "EXT 2021"]
[Source "ChessBase"]
[SourceDate "2020.10.23"]
[SourceVersion "1"]
[SourceVersionDate "2020.10.23"]
[SourceQuality "1"]
[WhiteTeam "Boeblingen"]
[BlackTeam "Jedesheim"]
[WhiteTeamCountry "GER"]
[BlackTeamCountry "GER"]

1. c4 Nf6 2. g3 g6 3. Bg2 Bg7 4. Nc3 d6 5. Nf3 e5 6. 0-0 a5 7. d3 0-0 8. a3 Re8 9. Nd2 c6 10. Rb1 Na6 11. b4 axb4 12. axb4 d5 13. c5 Be6 14. Na4 e4 15. Nb6 exd3 16. exd3 Ra7 17. Nf3 Bg4 18. h3 Bxf3 19. Bxf3 Nd7 20. Nxd7 Qxd7 21. Kg2 Nc7 22. Bf4 Nb5 23. Rc1 Nd4 24. Bg4 f5 25. Bf3 Ra2 26. Re1 Rxe1 27. Qxe1 Kf7 28. Qe3 Ne6 29. Bd6 Bd4 30. Qh6 Rxf2+ 31. Kh1 Rxf3 32. Qxh7+ Ng7 33. Re1 Bf6 34. Qh8 g5 35. Bf8 Kg6 36. Bxg7 Bxg7 37. Qg8 Kf6 38. d4 f4 39. Qh7 Rxg3 40. Kh2 Re3 0-1

[Event "Oberliga Wuerttemberg 1819"]
[Site "Wuerttemberg"]
[Date "2019.03.24"]
[Round "8"]
[White "Hoenick, Andreas"]
[Black "Schuh, Karsten"]
[Result "1/2-1/2"]
[WhiteElo "2097"]
[BlackElo "2201"]
[PlyCount "100"]
[EventDate "2018.09.23"]
[EventType "team-tourn"]
[EventRounds "9"]
[EventCountry "GER"]
[SourceTitle "EXT 2020"]
[Source "ChessBase"]
[SourceDate "2019.10.17"]
[SourceVersion "1"]
[SourceVersionDate "2019.10.17"]
[SourceQuality "1"]
[WhiteTeam "Schwaebisch Gmuend"]
[BlackTeam "Boeblingen"]
[WhiteTeamCountry "GER"]
[BlackTeamCountry "GER"]

1. d4 e6 2. c4 f5 3. Nf3 Nf6 4. g3 Be7 5. Bg2 0-0 6. 0-0 d6 7. Nc3 Nc6 8. d5 Ne5 9. Nd4 Nxc4 10. dxe6 g6 11. Qa4 Nb6 12. Qc2 c5 13. Nf3 Nh5 14. e4 Bxe6 15. Bh6 Re8 16. Rfe1 Ng7 17. Rad1 Rc8 18. h4 fxe4 19. Ng5 Bg4 20. Bxe4 Bxd1 21. Rxd1 Qd7 22. Nd5 Bxg5 23. Nxb6 axb6 24. hxg5 Re7 25. Bd5+ Kh8 26. Kg2 Rce8 27. Rd3 Qf5 28. Qb3 Qe5 29. Bxg7+ Kxg7 30. Qxb6 Qxg5 31. Qxd6 Qf6 32. Qxc5 Qxb2 33. Rb3 Qe5 34. Re3 Qf6 35. Rf3 Qe5 36. Re3 Qg5 37. Qd4+ Qf6 38. Rxe7+ Rxe7 39. Qb4 b6 40. a4 Rd7 41. Qb5 Rc7 42. Qe8 Rc2 43. Qd7+ Kf8 44. Bf3 Qe7 45. Qd4 Qc5 46. Qh8+ Kf7 47. Qxh7+ Kf6 48. Qh8+ Kf7 49. Qh7+ Kf6 50. Qh8+ Kf7 1/2-1/2

[Event "Oberliga Wuerttemberg 1819"]
[Site "Wuerttemberg"]
[Date "2018.10.14"]
[Round "2"]
[White "Hofmann, Martin"]
[Black "Schuh, Karsten"]
[Result "1/2-1/2"]
[WhiteElo "2208"]
[BlackElo "2201"]
[PlyCount "51"]
[EventDate "2018.09.23"]
[EventType "team-tourn"]
[EventRounds "9"]
[EventCountry "GER"]
[SourceTitle "EXT 2020"]
[Source "ChessBase"]
[SourceDate "2019.10.17"]
[SourceVersion "1"]
[SourceVersionDate "2019.10.17"]
[SourceQuality "1"]
[WhiteTeam "Stuttgart SF"]
[BlackTeam "Boeblingen"]
[WhiteTeamCountry "GER"]
[BlackTeamCountry "GER"]

1. d4 f5 2. g3 Nf6 3. Bg2 g6 4. c4 Bg7 5. Nh3 d6 6. Nc3 0-0 7. 0-0 e5 8. dxe5 dxe5 9. Qb3 c6 10. a4 Na6 11. Qa3 Qd4 12. Qb3 Nc5 13. Qa2 Qd8 14. b3 Ne6 15. Ba3 Rf7 16. Rad1 Rd7 17. Rxd7 Bxd7 18. Rd1 Qe8 19. Bd6 Ng4 20. e3 Rd8 21. c5 Bc8 22. b4 h6 23. e4 Kh7 24. exf5 gxf5 25. Re1 e4 26. Ne2 1/2-1/2

[Event "BL2-Sued 1718"]
[Site "Germany"]
[Date "2018.02.25"]
[Round "10.5"]
[White "Barski, Radoslaw"]
[Black "Schuh, Karsten"]
[Result "1-0"]
[WhiteElo "2443"]
[BlackElo "2219"]
[PlyCount "41"]
[EventDate "2017.10.21"]
[EventType "team-tourn"]
[EventRounds "10"]
[EventCountry "GER"]
[SourceTitle "CBM 183 Extra"]
[Source "ChessBase"]
[SourceDate "2018.04.19"]
[SourceVersion "1"]
[SourceVersionDate "2018.04.19"]
[SourceQuality "1"]
[WhiteTeam "Heusenstamm"]
[BlackTeam "Boeblingen"]
[WhiteTeamCountry "GER"]
[BlackTeamCountry "GER"]

1. e4 c5 2. Nf3 Nc6 3. d4 cxd4 4. Nxd4 Qc7 5. Nc3 e6 6. Be3 Nf6 7. a3 a6 8. f4 d6 9. Qf3 Bd7 10. 0-0-0 Be7 11. g4 Nxd4 12. Rxd4 Bc6 13. g5 Nd7 14. h4 f5 15. Qh3 fxe4 16. Qxe6 Nc5 17. Qg4 Bd7 18. Qg2 Bf5 19. Bc4 b5 20. Bd5 Rc8 21. Kb1 1-0

[Event "BL2-Sued 1718"]
[Site "Germany"]
[Date "2017.11.11"]
[Round "3.6"]
[White "Schuh, Karsten"]
[Black "Mutschnik, Illya"]
[Result "0-1"]
[WhiteElo "2219"]
[BlackElo "2431"]
[PlyCount "46"]
[EventDate "2017.10.21"]
[EventType "team-tourn"]
[EventRounds "10"]
[EventCountry "GER"]
[SourceTitle "CBM 183 Extra"]
[Source "ChessBase"]
[SourceDate "2018.04.19"]
[SourceVersion "1"]
[SourceVersionDate "2018.04.19"]
[SourceQuality "1"]
[WhiteTeam "Boeblingen"]
[BlackTeam "Baden-Baden II"]
[WhiteTeamCountry "GER"]
[BlackTeamCountry "GER"]

1. c4 e5 2. g3 Nc6 3. Bg2 g6 4. Nc3 Bg7 5. e4 d6 6. Nge2 h5 7. h3 h4 8. g4 f5 9. gxf5 gxf5 10. f4 Nge7 11. d3 Be6 12. Be3 Qd7 13. Qa4 fxe4 14. Nxe4 Nf5 15. Bd2 Ncd4 16. Qxd7+ Bxd7 17. Nxd4 Nxd4 18. 0-0-0 Ne2+ 19. Kc2 Nxf4 20. Bxf4 exf4 21. Ng5 Rh5 22. Rde1+ Be5 23. Nf3 0-0-0 0-1

[Event "Oberliga Wuerttemberg 1617"]
[Site "Wuerttemberg"]
[Date "2017.02.05"]
[Round "7.4"]
[White "Schuh, Karsten"]
[Black "Thoma, Christian"]
[Result "1-0"]
[WhiteElo "2243"]
[BlackElo "2242"]
[PlyCount "99"]
[EventDate "2016.09.25"]
[EventType "team-tourn"]
[EventRounds "11"]
[EventCountry "GER"]
[SourceTitle "EXT 2019"]
[Source "ChessBase"]
[SourceDate "2018.10.10"]
[SourceVersion "1"]
[SourceVersionDate "2018.10.10"]
[SourceQuality "1"]
[WhiteTeam "Boeblingen"]
[BlackTeam "Schmiden Cannstatt"]
[WhiteTeamCountry "GER"]
[BlackTeamCountry "GER"]

1. c4 c5 2. g3 g6 3. Bg2 Bg7 4. Nc3 Nc6 5. Nf3 e6 6. 0-0 Nge7 7. d3 0-0 8. Bf4 d5 9. Qc1 b6 10. Bh6 Bb7 11. Bxg7 Kxg7 12. cxd5 exd5 13. Qf4 d4 14. Ne4 Nd5 15. Qc1 Re8 16. Re1 Rc8 17. Ned2 Rc7 18. Nc4 Rce7 19. Kf1 h6 20. Qd1 Bc8 21. Qa4 Bb7 22. Qb3 Rd7 23. Rac1 Nf6 24. Qb5 Nb4 25. Qa4 Bc6 26. Qb3 Bd5 27. a3 Nc6 28. Qa4 Qb8 29. Qc2 Qb7 30. Rb1 a5 31. Kg1 b5 32. Ncd2 c4 33. Rbc1 Rc7 34. dxc4 Ne5 35. c5 d3 36. Qc3 b4 37. axb4 axb4 38. Qd4 dxe2 39. Nxe5 Bxg2 40. f3 Bh3 41. Rxe2 Rcc8 42. Ndc4 Qb5 43. c6 Rxc6 44. Rce1 Rxc4 45. Nxc4 Rxe2 46. Rxe2 Be6 47. b3 Qf5 48. Nd6 Qb1+ 49. Kg2 Bd7 50. Ne4 1-0

[Event "Oberliga Wuerttemberg 1617"]
[Site "Wuerttemberg"]
[Date "2016.11.13"]
[Round "4.4"]
[White "Fischer, Andre"]
[Black "Schuh, Karsten"]
[Result "1-0"]
[WhiteElo "2224"]
[BlackElo "2243"]
[PlyCount "95"]
[EventDate "2016.09.25"]
[EventType "team-tourn"]
[EventRounds "11"]
[EventCountry "GER"]
[SourceTitle "EXT 2019"]
[Source "ChessBase"]
[SourceDate "2018.10.10"]
[SourceVersion "1"]
[SourceVersionDate "2018.10.10"]
[SourceQuality "1"]
[WhiteTeam "Biberach"]
[BlackTeam "Boeblingen"]
[WhiteTeamCountry "GER"]
[BlackTeamCountry "GER"]

1. e4 c5 2. Nf3 Nc6 3. d4 cxd4 4. Nxd4 Qc7 5. Nc3 e6 6. Be3 Nf6 7. Bd3 a6 8. 0-0 Be7 9. f4 d6 10. Qf3 Nb4 11. Kh1 g6 12. Rae1 0-0 13. f5 e5 14. Nb3 Kh8 15. g4 gxf5 16. gxf5 Bd7 17. Bg5 Bc6 18. Rg1 Rg8 19. h4 b5 20. Rg2 Rad8 21. Reg1 d5 22. Bxf6+ Bxf6 23. Rxg8+ Rxg8 24. Rxg8+ Kxg8 25. exd5 Nxd3 26. Qxd3 Bb7 27. Qe4 b4 28. Qxb4 e4 29. Qxe4 Bxc3 30. bxc3 Qxc3 31. Kg1 Kf8 32. Kf2 a5 33. Nd4 Qd2+ 34. Kf3 Qd1+ 35. Kf4 Qd2+ 36. Kf3 Qd1+ 37. Kg3 Qg1+ 38. Kf4 Qh2+ 39. Kg4 Qg1+ 40. Kh5 Qd1+ 41. Kh6 Qd2+ 42. Kxh7 Qf2 43. Nf3 f6 44. Kh6 Qg3 45. c4 Bc8 46. Nd4 Bd7 47. Ne6+ Kg8 48. Qf4 1-0